Horticultural reviews V.20 (Record no. 41387)

MARC details
000 -LEADER
fixed length control field 00347nam a2200133Ia 4500
082 ## - DEWEY DECIMAL CLASSIFICATION NUMBER
Classification number 634
Item number HOR.20
245 #0 - TITLE STATEMENT
Title Horticultural reviews V.20
260 ## - PUBLICATION, DISTRIBUTION, ETC. (IMPRINT)
Place of publication New York
Name of publisher John Wiley & Sons
Year of publication 1997
650 ## - SUBJECT ADDED ENTRY--TOPICAL TERM
Topical Term Fruit texture
650 ## - SUBJECT ADDED ENTRY--TOPICAL TERM
Topical Term Magnetic resonance imaging
700 ## - ADDED ENTRY--PERSONAL NAME
Personal name Janick, J
942 ## - ADDED ENTRY ELEMENTS (KOHA)
Koha item type Books
Holdings
Withdrawn status Lost status Damaged status Not for loan Home library Current library Date acquired Cost, normal purchase price Full call number Accession Number Koha item type
        RRII Library RRII Library 16/12/2021 145.00 634 HOR.20 21674 Books